| 000 | 01207nam a22002897a 4500 | ||
|---|---|---|---|
| 005 | 20150429110613.0 | ||
| 010 | _aENG-112406 | ||
| 020 |
_a9780199453726 _c895.00 |
||
| 020 |
_a0199453721 _c895.00 |
||
| 035 | _aEN-95938 | ||
| 037 | _bDBAD/PUB | ||
| 082 | _a303.6 | ||
| 245 |
_aThe weight of violence : _cedited by Saitya Brata Das [and] Soumyabrata Choudhury _breligion, language, politics / |
||
| 260 |
_aNew Delhi _bOxford University Press _c2015 |
||
| 270 |
_aYMCA Library Building, 1 Jai Singh Road, _bNew Delhi _e110001 |
||
| 300 |
_axxi,271p. _c23cm(Hb) |
||
| 500 | _a Papers presented at the International Conference on ’Religion, Violence, Language’, jointly sponsored by ICPR and IIAS held at Indian Institute of Advanced Study during 9-11 April, 2012. | ||
| 500 | _aIncludes bibliographical references and index. | ||
| 650 |
_aViolence _vCongresses. |
||
| 650 |
_aViolence _xPhilosophy _vCongresses. |
||
| 650 |
_a Violence _xReligious aspects _vCongresses. |
||
| 650 |
_aSociolinguistics _vCongresses. |
||
| 650 |
_aPolitical violence _vCongresses. |
||
| 700 | _aDas, Saitya Brata | ||
| 700 | _aChoudhury, Soumyabrata | ||
| 942 |
_2ddc _cEN _mWEI _h303.6 |
||
| 999 |
_c92303 _d92303 |
||